000 00679nam a2200229 a 4500
003 DO-SdBNP
005 20221129144211.0
007 ta
008 221129e1986 dr a|||gry|||o001 0 spa d
040 _aDO-SdBNP
_bspa
_cBNPHU
082 4 _222
_bI43a
245 0 0 _aInforme anual 1986 = Anual report. /
246 _aAnual report.
260 _aSanto Domingo :
_bFalconbridge Dominicana,
_c1986
300 _a[20] p. ;
_c28 cm.
546 _aIncluye traducción en inglés.
590 _aInventariado 2022 / MF
650 4 _954044
_aFalconbridge Dominicana
_vAnuarios
_y1986
650 4 _977648
_aFalconbridge Dominicana
_vInforme
_y1986
910 _aMFeliz
942 _2ddc
_cLBS1
999 _c53026
_d53026